| 000 | 00828nam a2200253 a 4500 | ||
|---|---|---|---|
| 001 | BRCA_7668 | ||
| 005 | 20190320205933.0 | ||
| 008 | 090813s1952----au-a######---#000-0#ger-# | ||
| 041 | _ager | ||
| 044 | _aau | ||
| 050 | 4 |
_aNK480 _b.W54 1952 |
|
| 245 | 1 | 0 |
_aWiener Porzellan aus der manufaktur du Paquiers (1718-1744) _ceinleitung Wilhelm Mrazek. |
| 260 |
_aViena _bOsterr Museums _c1952 |
||
| 300 |
_a18 p. _bil., 56 láminas _c23 cm. |
||
| 440 | 0 |
_aÖsterreichischen Museums für Angewandte Kunst _v3 _918923 |
|
| 500 | _aU4 | ||
| 600 | 1 | 4 |
_aPaquier, Claude Innocent Du _dm. 1751 _918924 |
| 650 | 1 | 4 |
_aPorcelana _zViena _918925 |
| 650 | 1 | 4 |
_aGalerías y museos _zAustria _97952 |
| 700 | 1 |
_aMrazek, Wilhelm _918926 |
|
| 710 | 2 |
_aÖsterreichisches Museum für Angewandte Kunst (Viena) _918927 |
|
| 902 | _aGFM | ||
| 942 |
_2lcc _cB |
||
| 999 |
_c7342 _d7342 |
||